000 02743nam a2200397 a 4500
003
005 20220630105157.0
008 090717s2011 dr ac 001 0 spa d
020 _a9789945004106
040 _aBPMSU
_bspa
_cBPMSU
082 _a321.8
_bR173B 2011
_222
092 _a361.61
_bJ62b
100 1 _aRamírez Morillo, Belarminio
245 0 0 _aBalaguer y Leonel :
_banimales políticos en la jungla dominicana /
_c Belarminio Ramírez Morillo
260 _aSanto Domingo :
_bFundación de Estudios Sociopolíticos, Jurídicos y Económicos,
_c2011
300 _a778 p. :
_bil., retrs. ;
_c23 p.
500 _aIncluye índice onomástico
505 _8Contenidos parciales: JOAQUÍN BALAGUER: AVE FENIX -- Génesis de un liderazgo 31 -- Balaguer en la era de Trujillo 65 -- La transición democrática 139 -- Las ideas políticas de Balaguer 171 -- Construyendo el estado prospero y democrático 199 -- Perfiles de su personalidad 245 -- El tribunal de la historia 303 -- LEONEL FERNANDEZ REYNA: PRECURSOR DE LA SOCIEDAD DEL CONOCIMIENTO -- Naturaleza del liderazgo de Leonel Fernández 341 -- Leonel Fernández el estadista 439 -- El líder político partidista 501 -- La política internacional de Leonel Fernández 549 -- Consolidación democrática y estado social de derecho 579 -- EL IDEARIO DE LEONEL FERNANDEZ REYNA 623 -- El pensamiento político de Leonel Fernández Reyna 625 -- Las ideas sobre política internacional de Leonel Fernández Reyna 651 -- El pensamiento jurídico de Leonel Fernández Reyna 669 -- El pensamiento económico de Leonel Fernández Reyna 681 -- El pensamiento histórico de Leonel Fernández Reyna 705 -- El pensamiento social de Leonel Fernández Reyna 719 -- El pensamiento de Leonel Fernández Reyna sobre la educación 727 -- Las ideas de Leonel Fernández Reyna sobre las tecnologías 737 -- Las ideas de Leonel Fernández Reyna sobre el medio ambiente y los recursos naturales 745
600 1 4 _aBalaguer Joaquín
_d1906-2002
_xPensamiento político
600 1 4 _aFernández, Leonel
_d1953-
_xPensamiento político
650 4 _aPartidos políticos
_zRepública Dominicana
_x
650 4 _aPresidentes
_zRepública Dominicana
650 4 _aEstadistas dominicanos
650 4 _aDemocracia
_zRepública Dominicana
651 4 _aRespública Dominicana
_xPolítica y gobierno
651 4 _a República Dominicana
_xIntegración económica.
710 1 _aFundación Joaquín Balaguer (República Dominicana)
910 _aVMateo V
942 _2ddc
_cBK
945 _aTítulo remanejado para la BNPHU
956 _a
_b
_c
_l
_h
956 _a
_b
_c
_l
_h
956 _a
_b
_c
_l
_h
956 _a
_b
_c
_l
_h
956 _aVMATEO
_b10
_c20150728
_lBPMSU
_h00151
999 _c13700
_d13700